000 00297cam a2200133ua 4500
041 _aben
_h
082 _a330.8
_bPRU/SP
100 _aPruthi, J.S. .
245 _aSpices and conditions /
_cJ.S.Pruthi.
_hTextual Documents
300 _a269 ; .
504 _a
942 _cBK
999 _c3105
_d3105